000 00730nam a2200289Ia 4500
005 20260324132720.0
008 008 260324s9999 xx 000 0 eng d
020 _a9780429082085
037 _aEBOOK
040 _aCRL
040 _beng
040 _cCRL
041 _2eng
041 _aeng
084 _qCRL
100 _aC. Bonnard; C. Scavia; F. Forlati
_91190349
245 0 _aIdentification and Mitigation of Large Landslide Risks in Europe
245 0 _bAdvances in Risk Assessment
260 _bTaylor and Francis
260 _c2004
365 _a
365 _b465
856 _uhttp://www.taylorfrancis.com/books/9780429082085
942 _cEBOOK
999 _c1788686
_d1788686